Statistics for Countries Beginning With C,H,A,D

Click here to take the quiz!

General Stats

  • This quiz has been taken 67 times
  • The average score is 24 of 34

Answer Stats

answer% Correct
Chad
88%
Hungary
81%
Armenia
79%
Antigua and Barbuda
77%
Austria
77%
Argentina
75%
Australia
75%
Azerbaijan
75%
Canada
75%
Colombia
75%
Denmark
75%
Dominica
75%
Honduras
75%
Afghanistan
74%
Algeria
74%
Angola
74%
Chile
74%
China
74%
Djibouti
74%
Dominican Republic
74%
Haiti
72%
Albania
70%
Cambodia
70%
Cuba
68%
Andorra
67%
Congo
67%
Central African Republic
65%
Costa Rica
65%
Cameroon
63%
Croatia
63%
Czech Republic
63%
Cape Verde
58%
Comoros
58%
Cyprus
51%

Score Distribution

Percentile by Number Answered

Percent of People with Each Score

Your Score History

You have not taken this quiz